000
00343nam a2200133Ia 4500
008
191206s9999 xx 000 0 und d
020
_a
0883448394 :
090
_a
HV640M32
245
0
_a
Disposable People?: The Plight of Refugees
260
_a
Orbis Books
260
_c
cc1992
300
_a
"xx, 347 p. ; 24 cm."
999
_c
15836
_d
15836